| 000 | 00593nam a22002057a 4500 | ||
|---|---|---|---|
| 003 | KOHA_MİRAKIL | ||
| 005 | 20241003053922.0 | ||
| 008 | 241002b2021 tu ||||| |||| 00| 0 tur d | ||
| 020 | _a9789756336489 | ||
| 040 |
_aTR-AnABB _btur _cTR-AnABB |
||
| 041 | _atur | ||
| 082 |
_a297.8241 _bGUL 2021 |
||
| 100 | 1 |
_aGüleç, İsmail _91154 |
|
| 245 | 1 | 0 |
_aKutsal topraklardan on beş gün / _cİsmail Güleç. |
| 260 |
_aİstanbul : _bKitabevi Yayınları, _c2021. |
||
| 300 |
_a78 sayfa ; _c22 cm. |
||
| 650 |
_aDin, İslam, İbadetler _91155 |
||
| 650 |
_aİbadet, Hac _91156 |
||
| 942 |
_2ddc _cBK |
||
| 999 |
_c7722 _d7722 |
||
| 900 | _bCan Çelik | ||